[Event "3rd ACT"]
[Site "Amsterdam NED"]
[Date "2006.07.22"]
[Round "8"]
[White "Li Shilong"]
[Black "Van Delft,M"]
[Result "1/2-1/2"]
[WhiteElo "2540"]
[BlackElo "2382"]

1.d4 d5 2.c4 c6 3.Nf3 Nf6 4.Nc3 a6 5.c5 Bf5 6.Bf4 Nbd7 7.e3 e6 8.Be2 Ne4
9.Nxe4 Bxe4 10.O-O Bxf3 11.Bxf3 Be7 12.Qb3 Ra7 13.e4 dxe4 14.Bxe4 O-O 15.Rad1 Bg5
16.Bd6 Be7 17.Bg3 g6 18.h3 Re8 19.Bf3 Bh4 20.Bd6 Be7 21.Bh2 Bf6 22.Rfe1 Bg7
23.Qc4 Nf6 24.Bd6 Bf8 25.Be5 Bg7 26.b4 Re7 27.a4 Rd7 28.Qb3 Nd5 29.Bd6 Nc7
30.g3 Ne8 31.Be5 Nc7 32.h4 h5 33.Kg2 Nd5 34.Bd6 Ne7 35.b5 axb5 36.axb5 cxb5
37.Bxe7 Rxe7 38.d5 exd5 39.Bxd5 Qc7 40.Qxb5 Rxe1 41.Rxe1 Bf6 42.Rb1 Be7 43.Qb6 Qxb6
44.cxb6 Ra4 45.Bxb7 Rb4 46.Rxb4 Bxb4 47.Bc6 Kf8 48.Kf3 Bc5 49.b7 Bd6 50.Ke4 Ke7
51.Kd5 Bb8 52.Bb5 Bc7 53.Kc6 Bb8 54.Bc4 Ke8 55.Bf1 Ke7 56.Bh3 Kd8 57.Bf1 Ke7
58.Bd3 Ke8 59.Bc4 Ke7 60.Kd5 Kd7 61.Ke4 Ke7 62.Bb3 Ke8 63.Bd1 Ke7 64.Bb3 Kf6
65.f3 Ke7 66.g4 hxg4 67.fxg4 f5+ 68.gxf5 Kf6 69.Be6 gxf5+ 70.Bxf5 Kg7 71.Kf3 Kh8  1/2-1/2

[Event "Czech Open A"]
[Site "Pardubice CZE"]
[Date "2006.07.22"]
[Round "2"]
[White "Iljin,A"]
[Black "Jirka,J"]
[Result "1-0"]
[WhiteElo "2508"]
[BlackElo "2372"]

1.c4 Nf6 2.Nf3 c6 3.d4 d5 4.Nc3 a6 5.e3 b5 6.c5 g6 7.Bd3 Bg7 8.b4 a5 9.bxa5 Nfd7
10.Bd2 e5 11.Bc2 e4 12.Ng1 Rxa5 13.a4 bxa4 14.Nxa4 Ra7 15.Ne2 O-O 16.O-O Qh4
17.Be1 Qh6 18.Bb4 Nf6 19.Qd2 Qh4 20.Ng3 Ng4 21.h3 Nh6 22.Nb6 Ba6 23.Rfb1 f5
24.Nxd5 cxd5 25.c6 Rc8 26.Bc5 Ra8 27.Bb3 Kh8 28.c7 Rxc7 29.Bxd5 Nc6 30.Rb6 Bb7
31.Rxa8+ Bxa8 32.Bxc6 Qd8 33.Bxa8 Qxa8 34.Ne2 Nf7 35.Nf4 Rb7 36.Qb2 Rxb6
37.Qxb6 Qc8 38.d5 Kg8 39.Qc6 Qb8 40.d6 Be5 41.d7 Nd8 42.Qd5+ Nf7 43.Be7 Bc7  1-0

[Event "XLVIII TCh-POR"]
[Site "Evora POR"]
[Date "2006.07.23"]
[Round "2"]
[White "Lima,Da"]
[Black "Conquest,S"]
[Result "1/2-1/2"]
[WhiteElo "2482"]
[BlackElo "2534"]

1.d4 d5 2.c4 c6 3.Nf3 Nf6 4.Nc3 a6 5.e3 Bf5 6.Bd3 Bxd3 7.Qxd3 e6 8.O-O Be7
9.e4 O-O 10.Bg5 dxe4 11.Nxe4 Nxe4 12.Bxe7 Qxe7 13.Qxe4 Nd7  1/2-1/2

[Event "Canadian Open"]
[Site "Kitchener CAN"]
[Date "2006.07.23"]
[Round "9"]
[White "Mikanovic,G"]
[Black "Peng,D"]
[Result "1-0"]
[WhiteElo "2284"]
[BlackElo "2170"]

1.d4 d5 2.c4 c6 3.Nf3 Nf6 4.Nc3 a6 5.c5 Bf5 6.Qb3 Ra7 7.a4 Nbd7 8.e3 e5 9.Be2 Be7
10.O-O Qc7 11.Nh4 Bg4 12.f3 Be6 13.f4 Ne4 14.f5 Nxc3 15.bxc3 Bxh4 16.fxe6 fxe6
17.Bh5+ g6 18.Bg4 Ke7 19.e4 Nf6 20.exd5 exd5 21.Bh3 Ne4 22.c4 Qd8 23.Be3 dxc4
24.Qxc4 Qd5 25.Qxd5 cxd5 26.dxe5 Bg5 27.Bd4 Raa8 28.Rab1 Rab8 29.Rb6 Ke8
30.c6 Bd8 31.Rxb7 Rxb7 32.cxb7 Bc7 33.Rc1 Kd8 34.b8=Q+  1-0

[Event "Czech Open A"]
[Site "Pardubice CZE"]
[Date "2006.07.23"]
[Round "3"]
[White "Potapov,Alexa1"]
[Black "Najer,E"]
[Result "1/2-1/2"]
[WhiteElo "2498"]
[BlackElo "2677"]

1.d4 d5 2.c4 c6 3.Nf3 Nf6 4.Nc3 a6 5.c5 Bf5 6.Bf4 Nbd7 7.e3 e6 8.h3 Be7 9.Bd3 Bxd3
10.Qxd3 b5 11.a4 b4 12.Na2 a5 13.Nc1 Ne4 14.Ne5 Nxe5 15.Bxe5 Bf6 16.Bh2 e5
17.Nb3 exd4 18.exd4 O-O 19.O-O Re8 20.f3 Ng5 21.Rae1 h5 22.Qf5 Rxe1 23.Rxe1 g6
24.Qd3 Qd7 25.Be5 Bxe5 26.Rxe5 Ne6  1/2-1/2

[Event "Czech Open A"]
[Site "Pardubice CZE"]
[Date "2006.07.23"]
[Round "3"]
[White "Stefansson,H"]
[Black "Krivoborodov,E"]
[Result "1/2-1/2"]
[WhiteElo "2569"]
[BlackElo "2414"]

1.d4 d5 2.c4 c6 3.Nc3 Nf6 4.Nf3 a6 5.c5 Nbd7 6.Bf4 Nh5 7.e3 g6 8.h4 Nxf4
9.exf4 Bg7 10.Qd2 O-O 11.h5 b6 12.cxb6 Nxb6 13.hxg6 hxg6 14.Ne5 Qd6 15.Qe3 Bd7
16.f5 Bxf5 17.g4 c5 18.dxc5  1/2-1/2

[Event "10th Battle of Senta 1697 Open"]
[Site "Senta SCG"]
[Date "2006.07.23"]
[Round "4"]
[White "Mirkovic,St"]
[Black "Tadic,B"]
[Result "0-1"]
[WhiteElo "2214"]
[BlackElo "2487"]

1.Nf3 d5 2.d4 Nf6 3.c4 c6 4.Nc3 a6 5.c5 Nbd7 6.Bf4 Nh5 7.e3 g6 8.Bd3 b6 9.b4 Nxf4
10.exf4 Qc7 11.Qd2 Bh6 12.g3 a5 13.cxb6 Nxb6 14.bxa5 Nc4 15.Bxc4 dxc4 16.O-O Rxa5
17.Ne5 Ba6 18.d5 Qxe5 19.Rfe1 Rxd5 20.Nxd5 Qxd5 21.Qb4 O-O 22.Qxe7 Bg7 23.Rad1 Bd4  0-1

[Event "MTO Open"]
[Site "Biel SUI"]
[Date "2006.07.24"]
[Round "1"]
[White "Van den Bersselaar,J"]
[Black "Kritz,L"]
[Result "0-1"]
[WhiteElo "2211"]
[BlackElo "2578"]

1.d4 Nf6 2.c4 c6 3.Nc3 d5 4.Nf3 a6 5.e3 b5 6.b3 Bg4 7.Be2 e6 8.O-O Nbd7 9.h3 Bh5
10.Bb2 Bd6 11.cxd5 cxd5 12.Ne5 Bxe2 13.Nxe2 Qb8 14.Nxd7 Kxd7 15.Nc1 Rc8 16.Nd3 Ra7
17.Rc1 Rxc1 18.Bxc1 Rc7 19.Ne5+ Ke8 20.Qd3 Ne4 21.Bd2 f6 22.Nf3 Qc8 23.Ne1 Kf7
24.Ba5 Rc1 25.Qe2 g6 26.Qb2 b4 27.Nd3 Bh2+ 28.Kxh2 Rxf1 29.Bxb4 Qb8+ 30.f4 Rd1  0-1

[Event "Czech Open A"]
[Site "Pardubice CZE"]
[Date "2006.07.24"]
[Round "4"]
[White "Varnavski,S"]
[Black "Bibik,J"]
[Result "1-0"]
[WhiteElo "2244"]
[BlackElo "2368"]

1.d4 d5 2.c4 c6 3.Nc3 Nf6 4.Nf3 a6 5.a4 e6 6.g3 Bb4 7.Bg2 O-O 8.O-O Nbd7
9.Qb3 Qe7 10.Bd2 a5 11.Rfd1 Re8 12.Bf4 b6 13.Na2 Bd6 14.Ne5 Bxe5 15.dxe5 Ng4
16.Qc3 g5 17.h3 Nxf2 18.Kxf2 gxf4 19.gxf4 Qh4+ 20.Qg3+ Qxg3+ 21.Kxg3 Ba6
22.cxd5 exd5 23.e4 f6 24.exd5 fxe5 25.dxc6 exf4+ 26.Kxf4 Nc5 27.Nc3 Ra7 28.Bd5+ Kh8
29.Kg3 Rg7+ 30.Kh2 Nd3 31.Rg1 Rge7 32.Rg3 Ne1 33.Rd1 Bc8 34.Be4  1-0

[Event "32nd Open"]
[Site "Sitges ESP"]
[Date "2006.07.25"]
[Round "5"]
[White "Panelo,M"]
[Black "Avila Jimenez,J"]
[Result "1-0"]
[WhiteElo "2418"]
[BlackElo "2238"]

1.d4 d5 2.c4 c6 3.Nf3 Nf6 4.Nc3 a6 5.Ne5 dxc4 6.a4 Nbd7 7.Nxc4 e6 8.g3 Bb4
9.Bg2 Nb6 10.Nxb6 Qxb6 11.O-O O-O 12.e4 Qa5 13.e5 Nd5 14.Ne4 Bd7 15.Bg5 Kh8
16.Bd2 Bxd2 17.Nxd2 Qb4 18.Ne4 Rad8 19.Nd6 Bc8 20.Qd3 f5 21.Bxd5 cxd5 22.Rfc1 Bd7
23.Qc3 Qxc3 24.Rxc3 Bc6 25.b4 Ra8 26.Rcc1 Rfb8 27.b5 axb5 28.axb5 Rxa1 29.Rxa1 Be8
30.Ra7 Bd7 31.Kf1 Kg8 32.Ke1 Kf8 33.Kd2 Ke7 34.Kc3 Bc8 35.Kb4 Kd8 36.Kc5  1-0

[Event "MTO Open"]
[Site "Biel SUI"]
[Date "2006.07.26"]
[Round "3"]
[White "Khmelniker,I"]
[Black "Kritz,L"]
[Result "1/2-1/2"]
[WhiteElo "2461"]
[BlackElo "2578"]

1.d4 d5 2.Nf3 Nf6 3.c4 c6 4.Nc3 a6 5.e3 b5 6.c5 Nbd7 7.Bd2 Ne4 8.Nxe4 dxe4
9.Ng5 Nf6 10.Qb3 e6 11.a4 Rb8 12.axb5 axb5 13.Ra7 Be7 14.Qc2 Qd5 15.f4 Rb7
16.Rxb7 Bxb7 17.b3 O-O 18.Be2 Ra8 19.O-O h6 20.Nh3 Ne8 21.Nf2  1/2-1/2

[Event "Czech Open A"]
[Site "Pardubice CZE"]
[Date "2006.07.26"]
[Round "6"]
[White "Genutis,M"]
[Black "Bibik,J"]
[Result "1/2-1/2"]
[WhiteElo "2259"]
[BlackElo "2368"]

1.d4 d5 2.c4 c6 3.Nf3 Nf6 4.Nc3 a6 5.c5 g6 6.Bf4 Bg7 7.e3 O-O 8.Be2 Nbd7
9.h3 Ne8 10.O-O Nc7 11.b4 Re8 12.a4 a5 13.Qb3 e5 14.Bg5 Bf6 15.Bxf6 Qxf6
16.b5 e4 17.Nh2 Qg5 18.Kh1 h5 19.Nb1 Ne6 20.Qc3 f5 21.Nd2 f4 22.Nb3 fxe3
23.fxe3 Ng7 24.Rf4 Nf5 25.Kg1 Nf8 26.Raf1 Ng3 27.Re1 Bxh3 28.Kf2 Bd7 29.Nxa5 Nxe2  1/2-1/2

[Event "Czech Open A"]
[Site "Pardubice CZE"]
[Date "2006.07.27"]
[Round "7"]
[White "Navara,D"]
[Black "Zakhartsov,V"]
[Result "1-0"]
[WhiteElo "2719"]
[BlackElo "2548"]

1.d4 d5 2.c4 c6 3.Nc3 Nf6 4.Nf3 a6 5.c5 Bf5 6.Bf4 Nbd7 7.e3 e6 8.Nd2 Be7
9.Be2 h6 10.g4 Bg6 11.h4 b6 12.b4 bxc5 13.bxc5 Qa5 14.Rc1 e5 15.Nb3 Qc7 16.dxe5 Nxe5
17.Qd4 Nfd7 18.h5 Bh7 19.Nxd5 cxd5 20.c6 f6 21.cxd7+ Qxd7 22.Bxe5 fxe5 23.Qxe5 O-O
24.O-O Bf6 25.Nc5 Qxg4+ 26.Bxg4 Bxe5 27.Be6+ Kh8 28.Nd7 Rfe8 29.Rc6 Bb2 30.Rd1 Rad8
31.Rd2 Bc3 32.Rxc3 Rxe6 33.Rxd5 Bg8 34.Rd4 Rde8 35.a3 Bf7 36.Rc5 R6e7 37.Kg2 Rd8
38.Ne5 Rxd4 39.Nxf7+ Rxf7 40.exd4 Rf4 41.Rd5 Kh7 42.Kg3 Rf6 43.f4 Rb6 44.Kg4 Rb3
45.Ra5 Rb6 46.Kf5 g6+ 47.hxg6+ Rxg6 48.d5 h5 49.Rc5 Rg2 50.d6 Rd2 51.Ke6 Kh6
52.d7  1-0

[Event "Summer Cup"]
[Site "Litohoro GRE"]
[Date "2006.07.28"]
[Round "7"]
[White "Vragoteris,A"]
[Black "Svetushkin,D"]
[Result "1/2-1/2"]
[WhiteElo "2336"]
[BlackElo "2569"]

1.d4 d5 2.c4 c6 3.Nf3 Nf6 4.Nc3 a6 5.e3 b5 6.b3 Bf5 7.Bd3 e6 8.Bxf5 exf5
9.Ne5 Bb4 10.Bd2 Qe7 11.Qc2 O-O 12.O-O g6 13.cxd5 cxd5 14.a4 Rc8 15.Qb2 Nbd7
16.Nd3 Bd6 17.axb5 axb5 18.h3 b4 19.Nb5 Rab8 20.Nxd6 Qxd6 21.Ra4 Ne4 22.Rxb4 Qa6
23.Rxb8 Rxb8 24.Nc5 Ndxc5 25.dxc5 Qd3 26.Qe5 Qxb3 27.Ba5 Rc8 28.Bb6 Nc3 29.Kh2 Na4
30.Ra1 Qb5 31.Rd1 Nxc5 32.Bxc5 Rxc5 33.h4 h5 34.g3 Qd7 35.Qd4 Ra5 36.Rb1 Ra8
37.Rb6 Rd8 38.Ra6 Qe7 39.Ra7 Qe6 40.Rb7 Qa6 41.Re7 Qf1 42.Qf4 Rc8 43.Rb7 Qa6
44.Rb8 Kh7 45.Rxc8 Qxc8 46.Qd6 Qe6 47.Qf8 f6 48.Qd8 Kg7 49.Kg1 Kf7 50.Kh2 Qc6
51.Kg1 f4 52.gxf4 Ke6 53.Kh2 Kf5 54.Kg3 Ke4 55.Qg8 f5 56.Qg7 Kd3 57.Qd4+ Kc2
58.Qg7 Qa6 59.Kg2 Qc6 60.Kg3 Qb6 61.Qe5 Qc6 62.Qg7 Qe6 63.Qe5 Qf7 64.Qd4 Qe6  1/2-1/2

[Event "Czech Open A"]
[Site "Pardubice CZE"]
[Date "2006.07.28"]
[Round "8"]
[White "Rau,H"]
[Black "Andersson,Fred2"]
[Result "1-0"]
[WhiteElo "2387"]
[BlackElo "2198"]

1.d4 d5 2.c4 c6 3.Nf3 Nf6 4.Nc3 a6 5.e3 b5 6.b3 Bg4 7.Bd3 e6 8.O-O Nbd7 9.Qe2 Be7
10.e4 dxc4 11.bxc4 e5 12.d5 Nc5 13.h3 Nxd3 14.hxg4 bxc4 15.g5 Ng4 16.Ne1 h5
17.Nxd3 cxd3 18.Qxd3 Bxg5 19.Bxg5 Qxg5 20.dxc6 Qh4 21.Qh3 Qxh3 22.gxh3 Nf6
23.Nd5 Nxd5 24.exd5 O-O-O 25.Rfd1 Rh6 26.Rac1 Rhd6 27.Rc5 g5 28.f3 f5 29.a4 Kc7
30.a5 Kc8 31.Kf2 Kc7 32.Rd3 Kc8 33.Ke2 Kc7 34.Kd2 Kc8 35.Kc3 Kc7 36.Kc4 f4
37.Rb3 g4 38.hxg4 hxg4 39.fxg4 e4 40.Rb7+ Kc8 41.Ra7 f3 42.c7 f2 43.cxd8=Q+ Kxd8
44.Ra8+ Kd7 45.Rf8 e3 46.Kd3 Ke7 47.Rf3 Rf6 48.Rc7+ Kd6 49.Rc6+ Ke5 50.Rcxf6 e2
51.R3f5+  1-0

[Event "Czech Open A"]
[Site "Pardubice CZE"]
[Date "2006.07.28"]
[Round "8"]
[White "Szoen,D"]
[Black "Ejsmont,K"]
[Result "1/2-1/2"]
[WhiteElo "2452"]
[BlackElo "2348"]

1.d4 d5 2.c4 c6 3.Nc3 Nf6 4.Nf3 a6 5.cxd5 cxd5 6.Bf4 Nc6 7.e3 Bg4 8.Rc1 Rc8
9.h3 Bxf3 10.Qxf3 e6 11.Bd3 h6 12.O-O Bd6 13.Na4 Bxf4 14.Qxf4 O-O 15.a3 Nd7
16.Rc3 Na5 17.Rfc1 Rxc3 18.Rxc3 Nc4 19.b3 Qa5 20.bxc4 Qxa4 21.cxd5 Qd1+ 22.Bf1 exd5
23.Qc7 Nf6 24.f3 Qe1 25.Rb3 b5 26.Qc6 Re8 27.Qxa6 Rxe3 28.Qxb5 Rxb3 29.Qxb3 Nh5
30.Qxd5  1/2-1/2

[Event "XLVIII TCh-POR"]
[Site "Evora POR"]
[Date "2006.07.29"]
[Round "8"]
[White "Conquest,S"]
[Black "Velicka,P"]
[Result "1-0"]
[WhiteElo "2534"]
[BlackElo "2475"]

1.d4 d5 2.c4 c6 3.Nf3 Nf6 4.Nc3 a6 5.g3 b5 6.b3 Bf5 7.Bg2 e6 8.O-O Ne4 9.Nxe4 Bxe4
10.a4 Nd7 11.Bg5 Be7 12.Bxe7 Kxe7 13.Qd2 bxc4 14.bxc4 a5 15.Rfc1 Re8 16.Qf4 Bxf3
17.Bxf3 Nf6 18.cxd5 cxd5 19.e4 Kf8 20.e5 Nd7 21.Rc6 Rc8 22.Rd6 Qc7 23.Rb1 Rb8
24.Rc1 Qa7 25.Rdc6 Kg8 26.Be2 Rb6 27.R6c3 Rb7 28.Bb5 Rd8 29.h4 Nb6 30.Rc6 h6
31.R1c5 Nc4 32.h5 Qb8 33.Kg2 Nb6 34.Qc1 Nc4 35.Qf4 Nb6 36.Qh4 Rf8 37.Kg1 Nd7
38.Rc3 Nb6 39.Qf4 Rc8 40.Qc1 Rxc6 41.Rxc6 Nc4 42.Rc5 Rc7 43.Bxc4 dxc4 44.Qxc4 Qb1+
45.Kh2 Qe1 46.Rxc7 Qxf2+ 47.Kh3 Qf5+ 48.Kg2  1-0

[Event "Czech Open A"]
[Site "Pardubice CZE"]
[Date "2006.07.29"]
[Round "9"]
[White "Stempin,P"]
[Black "Tereick,B"]
[Result "1/2-1/2"]
[WhiteElo "2370"]
[BlackElo "2262"]

1.d4 d5 2.c4 c6 3.Nf3 Nf6 4.Nc3 a6 5.cxd5 cxd5 6.Bf4 Nc6 7.Rc1 Nh5 8.Be5 f6
9.Bg3 e5 10.e3 e4 11.Nd2 Nxg3 12.hxg3 Be6 13.a3 Bd6 14.Na4 Qc7 15.Nc5 Bf7
16.b4 O-O 17.Qg4 Qe7 18.Ndb3 Rfc8 19.Qd7 Rc7 20.Qxe7 Nxe7 21.Kd2 Be8 22.Be2 Bb5
23.Ne6 Rxc1 24.Rxc1 Bxe2 25.Kxe2 Kf7 26.Nec5 Ra7 27.g4 b6 28.Na4 Rb7 29.Nc3 Ke6
30.f3 exf3+ 31.gxf3 a5 32.bxa5  1/2-1/2

[Event "MTO Open"]
[Site "Biel SUI"]
[Date "2006.07.31"]
[Round "7"]
[White "Avrukh,B"]
[Black "Kritz,L"]
[Result "1/2-1/2"]
[WhiteElo "2641"]
[BlackElo "2578"]

1.d4 d5 2.c4 c6 3.Nf3 Nf6 4.Nc3 a6 5.c5 Bf5 6.Bf4 Nbd7 7.e3 e6 8.Nd2 Be7
9.Be2 Bg6 10.O-O Qc8 11.b4 O-O 12.a4 b6 13.Qb3 Nh5 14.Bxh5 Bxh5 15.cxb6 Nxb6
16.a5 Nd7 17.Na4 Qb7 18.Rab1 Be2 19.Rfe1 Bb5 20.e4 Rfe8 21.Nc5 Nxc5 22.bxc5 Qd7
23.Qc3 Rad8 24.Qg3 f6 25.e5 f5 26.h4 Rb8 27.Rb3 Bd8 28.Ra1 Bc7 29.Qe3 Qf7
30.Qf3 Qd7 31.Qe3  1/2-1/2

[Event "MTO Open"]
[Site "Biel SUI"]
[Date "2006.07.31"]
[Round "7"]
[White "Cebalo,M"]
[Black "Kuehn,Pe1"]
[Result "1-0"]
[WhiteElo "2505"]
[BlackElo "2386"]

1.d4 d5 2.c4 c6 3.Nf3 Nf6 4.Nc3 a6 5.c5 Bf5 6.Bf4 Nbd7 7.h3 Ne4 8.e3 e6 9.Bd3 b6
10.cxb6 Qxb6 11.Qc2 Nxc3 12.bxc3 Bxd3 13.Qxd3 c5 14.O-O Bd6 15.Rab1 Qc7 16.Bxd6 Qxd6
17.c4 dxc4 18.Qxc4 O-O 19.Rfd1 Rfc8 20.Rbc1 Nb6 21.Qe2 Qf8 22.Ne5 cxd4 23.Rxc8 Qxc8
24.Rxd4 Qc7 25.Qd2 h6 26.f4 Rc8 27.Kh2 Nd5 28.e4 Nf6 29.a4 g6 30.a5 Kg7 31.Nc4 Rb8
32.Nb6 Rb7 33.e5 Ng8 34.Rc4 Qe7 35.Qd6 Qh4 36.f5 Rxb6 37.Rxh4  1-0

[Event "Dutch Open"]
[Site "Dieren NED"]
[Date "2006.08.01"]
[Round "7"]
[White "Ikonnikov,Vy"]
[Black "Van Delft,M"]
[Result "1/2-1/2"]
[WhiteElo "2587"]
[BlackElo "2382"]

1.d4 d5 2.Nf3 Nf6 3.c4 c6 4.Nc3 a6 5.a4 e6 6.Bg5 a5 7.e3 Be7 8.Be2 Na6 9.O-O O-O
10.Qb3 Nb4 11.Ne5 Nd7 12.Bxe7 Qxe7 13.Nd3 dxc4 14.Qxc4 e5 15.Nxe5 Nxe5 16.dxe5 Qxe5
17.Qh4 Be6 18.Rad1 h6 19.Rd4 Rfe8 20.Rfd1 Qc7 21.Bg4 Bd5 22.e4 Bb3 23.R1d2 Qe7
24.Qg3 Rad8 25.Rd7 Rxd7 26.Rxd7 Qg5 27.f4 Qc5+ 28.Qf2 Qxf2+ 29.Kxf2 Rb8 30.e5 Na6
31.Ke3 Nc5 32.Rd4 Kf8 33.Bd1 Bxd1 34.Rxd1 Ke7 35.Kd4 Ne6+ 36.Ke3 Nc5 37.Kd4 Ne6+
38.Ke3 Nc5 39.f5 Ra8 40.g4 Ra6 41.h4 Nd7 42.g5 hxg5 43.hxg5 Nxe5 44.Kf4 f6
45.Ne4 Rb6 46.gxf6+ gxf6 47.Rd6 Nd7 48.Re6+ Kd8 49.Nxf6 Nxf6 50.Rxf6 Rxb2
51.Re6 Kd7 52.Rh6 b5 53.axb5 cxb5 54.Ra6 a4 55.Ke5 Kc7 56.f6 Kb7 57.f7 Re2+
58.Kd4 Rf2 59.Re6 Rxf7 60.Kc5 Rf5+ 61.Kb4 Kc7 62.Rh6 Rd5 63.Rg6 Rd6 64.Rg5 Rb6
65.Rh5 Kb7 66.Rh8 Ka7 67.Rg8 Rb8 68.Rg6 Rb7 69.Rh6 Rb6 70.Rh8 Ka6 71.Ra8+ Kb7
72.Rh8 Kc7 73.Rh7+ Kc6  1/2-1/2

[Event "MTO Open"]
[Site "Biel SUI"]
[Date "2006.08.03"]
[Round "10"]
[White "Cebalo,M"]
[Black "Kobalia,M"]
[Result "0-1"]
[WhiteElo "2505"]
[BlackElo "2647"]

1.d4 d5 2.c4 c6 3.Nf3 Nf6 4.Nc3 a6 5.cxd5 cxd5 6.Bf4 Nc6 7.Rc1 Bf5 8.e3 Qb6
9.Bd3 Bxd3 10.Qxd3 e6 11.O-O Nd7 12.Na4 Qb5 13.Qc2 Be7 14.a3 a5 15.Nc3 Qb6
16.e4 dxe4 17.Nxe4 O-O 18.Rfd1 Nf6 19.Nxf6+ Bxf6 20.Be5 Be7 21.d5 Nxe5 22.Nxe5 Rfd8
23.Nc4 Qa6 24.dxe6 Rxd1+ 25.Rxd1 Qxe6 26.a4 b6 27.b3 h6 28.g3 Re8 29.Qd3 Bc5
30.Qf3 Qe2 31.Kg2 Bxf2 32.Rd2 Qxf3+ 33.Kxf3 Bc5 34.Rd5 g6 35.Nxa5 Re3+ 36.Kf4 Rc3
37.Nb7 Bg1 38.Rb5 Bxh2 39.Rxb6 h5 40.Ke4 Rxg3 41.Nd6 f5+ 42.Nxf5 Rg4+ 43.Kf3 gxf5
44.a5 Kh7 45.b4 h4 46.a6 Bg1 47.a7 Rg8 48.Rb7+ Kh6 49.Rb8 Rg3+ 50.Kf4 Bxa7
51.Ra8 Bd4 52.Kxf5 h3  0-1

[Event "107th Annual US Open"]
[Site "Chicago USA"]
[Date "2006.08.12"]
[Round "8"]
[White "Aigner,M USA"]
[Black "Taylor,T"]
[Result "1-0"]
[WhiteElo "2266"]
[BlackElo "2328"]

1.d4 d5 2.Nf3 Nf6 3.c4 c6 4.Nc3 a6 5.c5 g6 6.Bf4 Bg7 7.e3 O-O 8.Be2 b5 9.cxb6 Qxb6
10.O-O Nbd7 11.Na4 Qa7 12.Rc1 Bb7 13.Ne1 e5 14.dxe5 Ne4 15.Nd3 Rfe8 16.Bf3 Rad8
17.Qc2 g5 18.Bg3 Nxg3 19.hxg3 Nxe5 20.Nxe5 Bxe5 21.Nc5 Bc8 22.b3 g4 23.Be2 Rd6
24.Nd3 Bxg3 25.Qc5 Qxc5 26.Rxc5 Bh4 27.g3 Bf6 28.Nb4 d4 29.Rd1 Be7 30.Nxc6 Bf6
31.Kf1 h5 32.Nxd4 h4 33.gxh4 Bxh4 34.Nf5 Rxd1+ 35.Bxd1 Bxf5 36.Rxf5 Rd8 37.Bxg4 Rd2
38.Be2 Rxa2 39.Bc4 Kg7 40.Rxf7+ Kg6 41.Rf4 Bf6 42.Bd3+ Kg7 43.Rg4+ Kf7 44.Ra4 Rb2
45.Bc4+ Kg7 46.Rxa6 Bh4 47.Ra7+ Kg6 48.Rf7 Bf6 49.Kg2 Bg7 50.Kg3 Bf6 51.f4 Ra2
52.Rb7 Ra1 53.Bd3+  1-0

[Event "Independence Cup A"]
[Site "Kyiv UKR"]
[Date "2006.08.13"]
[Round "1"]
[White "Ianovsky,A"]
[Black "Manilyk,A"]
[Result "1/2-1/2"]
[WhiteElo "2308"]
[BlackElo "2143"]

1.Nf3 d5 2.d4 c6 3.c4 Nf6 4.Nc3 a6 5.cxd5 cxd5 6.Bf4 e6 7.e3 b5 8.Bd3 Bb7
9.O-O Be7 10.h3 O-O 11.Bh2 Nbd7 12.Ne2 Rc8 13.a4 b4 14.a5 Ne4 15.Nc1 Nd6
16.Bxd6 Bxd6 17.Nb3 f5 18.Qe2 Ra8 19.Nfd2 Nf6 20.Rfc1 Ne4 21.Nc5 Nxc5 22.dxc5 Bc7
23.Nb3 Rf6 24.Ra4 f4 25.exf4 Bxf4 26.Rd1 Qc7 27.Rxb4 Raf8 28.f3 e5 29.Rb6 Bc6
30.Bxa6 d4 31.Bb5 Be3+ 32.Kh1 Bxf3 33.Bc4+ Kh8 34.Rxf6 Rxf6 35.gxf3 Qc8 36.Qg2 Rg6
37.a6 Rxg2 38.Kxg2 Qa8 39.Bd3 e4 40.fxe4 Qb8 41.Rf1 g5 42.Bc4 Bf4 43.Bd5 d3
44.Ra1 Bh2 45.e5 Qxe5 46.a7 Qxd5+ 47.Kxh2 Qe5+  1/2-1/2

[Event "Independence Cup A"]
[Site "Kyiv UKR"]
[Date "2006.08.14"]
[Round "2"]
[White "Borzov,D"]
[Black "Zhizmer,Y"]
[Result "1/2-1/2"]
[WhiteElo "2201"]
[BlackElo "2393"]

1.d4 d5 2.c4 c6 3.Nf3 Nf6 4.Nc3 a6 5.e3 g6 6.Bd3 Bg7 7.O-O O-O 8.h3 b5 9.b3 Nbd7
10.Bb2 Rb8 11.Qc2 Bb7 12.a4 b4 13.Ne2 a5 14.Rac1 Rc8 15.c5 Ra8 16.Ng3 Ba6
17.Bxa6 Rxa6 18.Rfe1 Re8 19.e4 dxe4 20.Nxe4 Nd5 21.Rcd1 Ra8 22.Ne5 Qc7 23.Ng5 Rf8
24.Qe4 Nxe5 25.dxe5 h6 26.Nf3 Rad8 27.Rd3 Nc3 28.Bxc3 bxc3 29.Rxc3 Rd5 30.Rc4 Rb8
31.Qe3 e6 32.Re4 Bf8  1/2-1/2

[Event "Open"]
[Site "Predeal ROM"]
[Date "2006.08.16"]
[Round "7"]
[White "Ionesi,C"]
[Black "Murariu,A"]
[Result "0-1"]
[WhiteElo "2232"]
[BlackElo "2516"]

1.d4 d5 2.c4 c6 3.Nc3 Nf6 4.Nf3 a6 5.Qb3 dxc4 6.Qxc4 b5 7.Qd3 e6 8.Bg5 Be7
9.e4 b4 10.Na4 Nbd7 11.e5 Nd5 12.Bxe7 Qxe7 13.Rc1 O-O 14.Qe4 Bb7 15.Bd3 f5
16.exf6 N5xf6 17.Qh4 Rae8 18.O-O Qd6 19.Nc5 Nxc5 20.Rxc5 h6 21.Ne5 Nd5 22.Bxa6 Nf4
23.Bxb7 Qxd4 24.Rc4 Qxe5 25.Bxc6 Rc8 26.Re4 Qf5 27.Rc4 Rxc6 28.Rxc6 Qe4  0-1

[Event "Independence Cup A"]
[Site "Kyiv UKR"]
[Date "2006.08.18"]
[Round "6"]
[White "Julin,A"]
[Black "Manilyk,A"]
[Result "1/2-1/2"]
[WhiteElo "2231"]
[BlackElo "2143"]

1.d4 d5 2.c4 c6 3.Nc3 Nf6 4.Nf3 a6 5.c5 Nbd7 6.Bf4 Nh5 7.Bg5 h6 8.Bh4 g5
9.Bg3 Nxg3 10.hxg3 Bg7 11.e3 e5 12.Qc2 e4 13.Nd2 O-O 14.O-O-O f5 15.f4 g4
16.b4 b6 17.Nb3 a5 18.bxa5 bxa5 19.Na4 Qc7 20.a3 Qa7 21.Kb2 Ba6 22.Ka2 Kh7
23.Bxa6 Qxa6 24.Rb1 Qb5 25.Nc1 Qa6 26.Nb6 Nxb6 27.Rxb6 Qc8 28.Ne2 Bf6 29.Qa4 Ra6
30.Rhb1 Rf7 31.Nc3 Bd8 32.Rb8 Qd7 33.Qd1 a4 34.Qe2 Ra7 35.Qc2 Ra6 36.Nxa4 Qa7
37.Rxd8 Rxa4 38.Qb3 Qa6 39.Rb8 Ra7 40.Rb7+ Kg6 41.Rxa7 Qxa7 42.Qc3 Rc4 43.Qb3 Ra4
44.Rc1 Qa6 45.Rc3 Ra5 46.Qc2 Ra4 47.Qb2 h5 48.Qc2 Kf6 49.Rb3 Ke6 50.Kb2 Kd7
51.Rb6 Qa8 52.Qb3 Kc7 53.Rb4 Ra5 54.a4 Qa6 55.Ka3 Qa8 56.Rb6 Ra7 57.Qb4 Kc8
58.Qb3 Kc7 59.Qc2 Qd8 60.Rb2 Qa8 61.Qb3 Rb7 62.Qc3 Ra7 63.Rb4 Qc8 64.Qb3 Qa8
65.Qb1 Ra5 66.Qc2 Qa6 67.Kb2 Qa8 68.Kb3 Ra7 69.Qe2 Rb7 70.Rxb7+ Qxb7+ 71.Ka3 Qb1
72.Qd2 Qa1+ 73.Kb3 Qb1+ 74.Qb2 Qxb2+ 75.Kxb2 Kb7  1/2-1/2

[Event "3rd Dato Arthur Tan"]
[Site "Kuala Lumpur MAS"]
[Date "2006.08.21"]
[Round "1"]
[White "Dotsenko,Vi"]
[Black "Dableo,R"]
[Result "0-1"]
[WhiteElo "2103"]
[BlackElo "2415"]

1.d4 d5 2.c4 c6 3.Nf3 Nf6 4.Nc3 a6 5.cxd5 cxd5 6.Bf4 e6 7.e3 Be7 8.Bd3 b5
9.O-O Bb7 10.Ne5 Nbd7 11.Qe2 O-O 12.h3 Nxe5 13.Bxe5 Bd6 14.Rad1 b4 15.Bxd6 Qxd6
16.Na4 Nd7 17.Rc1 Rfc8 18.Qd2 a5 19.Rfd1 g6 20.f4 Rab8 21.Rxc8+ Rxc8 22.Rc1 Rxc1+
23.Qxc1 Bc6 24.Qc2 Kg7 25.Kf2 f6 26.Nc5 Nxc5 27.Qxc5 Qxc5 28.dxc5 e5 29.a3 bxa3
30.bxa3 h6 31.h4 g5 32.g3 Kf7 33.Ke2 Ke7 34.Kd2 Kd7 35.Bf5+ Kc7 36.hxg5 hxg5
37.Bg6 Bb5 38.Kc3 Kc6 39.Bc2 Kxc5 40.Bg6 Bc6 41.Bf5 Kb5 42.Bc2 d4+ 43.Kd2 dxe3+
44.Kxe3 exf4+ 45.gxf4 g4 46.Kf2 Kc4 47.Kg3 Bd7 48.f5 Kc3 49.Be4 Kb3 50.Kxg4 Be8
51.Kf4 Kxa3 52.Bd5 Kb4 53.Ke3 Kc3 54.Be6 a4 55.Ke4 a3 56.Bg8 Ba4  0-1

[Event "23rd Open"]
[Site "Collado Villalba ESP"]
[Date "2006.08.24"]
[Round "6"]
[White "Vazquez,R"]
[Black "Lorite,F"]
[Result "1-0"]
[WhiteElo "2517"]
[BlackElo "2193"]

1.d4 d5 2.Nf3 Nf6 3.c4 c6 4.Nc3 a6 5.e3 e6 6.b3 Nbd7 7.Bd3 Bd6 8.O-O O-O
9.Bb2 Re8 10.e4 dxe4 11.Nxe4 Nxe4 12.Bxe4 Nf6 13.Bc2 Bf8 14.Ne5 g6 15.Qf3 Bg7
16.Rad1 Qe7 17.h4 Rd8 18.g3 Bd7 19.Rfe1 Be8 20.c5 Nd7 21.h5 Qf6 22.Qg4 Bh6
23.Qh3 Bg7 24.hxg6 hxg6 25.Bc1 Qe7 26.Kg2 Nf6 27.Bg5 Qc7 28.Rh1 Rd5 29.Bxf6  1-0

[Event "3rd Dato Arthur Tan"]
[Site "Kuala Lumpur MAS"]
[Date "2006.08.25"]
[Round "7"]
[White "Rahman,Zia"]
[Black "Dableo,R"]
[Result "1-0"]
[WhiteElo "2534"]
[BlackElo "2415"]

1.Nf3 Nf6 2.c4 c6 3.d4 d5 4.Nc3 a6 5.c5 g6 6.g3 Bg7 7.Bg2 O-O 8.O-O Nbd7
9.Bf4 Nh5 10.Bg5 h6 11.Bd2 Kh7 12.e4 dxe4 13.Nxe4 Ndf6 14.Nc3 Be6 15.Re1 Nd5
16.Rxe6 fxe6 17.Qc2 Qe8 18.Re1 Qf7 19.Ne4 Kg8 20.Qc1 g5 21.h4 gxh4 22.Nxh4 Bxd4
23.Nf3 Bg7 24.Bxh6 Ndf6 25.Bxg7 Nxg7 26.Neg5 Qh5 27.Nxe6 Nxe6 28.Rxe6 Ng4
29.Qc4 Rf7 30.Re4 Nf6 31.Re5 Qh8 32.Ng5 Nd5 33.Nxf7  1-0

[Event "Adolfo Pedrido Mem"]
[Site "Vilagarcia de Arousa ESP"]
[Date "2006.08.28"]
[Round "4"]
[White "Iotov,V"]
[Black "Rusev,K"]
[Result "1/2-1/2"]
[WhiteElo "2493"]
[BlackElo "2455"]

1.d4 d5 2.c4 c6 3.Nf3 Nf6 4.Nc3 a6 5.cxd5 cxd5 6.Bf4 Bf5 7.e3 Nc6 8.Bd3 Bxd3
9.Qxd3 e6 10.O-O Bd6  1/2-1/2

[Event "3rd Open"]
[Site "Kalamaria GRE"]
[Date "2006.08.31"]
[Round "2"]
[White "Galopoulos,N"]
[Black "Svetushkin,D"]
[Result "0-1"]
[WhiteElo "2030"]
[BlackElo "2569"]

1.d4 d5 2.c4 c6 3.Nf3 Nf6 4.Nc3 a6 5.c5 Nbd7 6.Bf4 Nh5 7.e3 b6 8.cxb6 Nxf4
9.exf4 e6 10.Bd3 Bd6 11.g3 Qxb6 12.Qe2 Rb8 13.Rb1 O-O 14.O-O g6 15.b4 a5
16.b5 c5 17.Na4 Qa7 18.dxc5 Nxc5 19.Nxc5 Qxc5 20.Rfc1 Qb6 21.Rc6 Qd8 22.Nd4 Re8
23.Rc2 Qb6 24.Nc6 Ra8 25.Qe3 Bc7 26.Qxb6 Bxb6 27.Rbc1 Bb7 28.Ne5 Re7 29.Nc6 Rc7
30.Ne5 Rxc2 31.Rxc2 Rd8 32.Nc6 Re8 33.Ne5 Re7 34.Nc6 Rc7 35.Ne5 Rxc2 36.Bxc2 f6
37.Nd7 Bd4 38.h4 Kf7 39.h5 gxh5 40.Bd1 h4 41.gxh4 Ke7 42.Nb8 Kd6 43.Kf1 Kc5
44.Nc6 Bc3 45.Nd8 Bc8 46.Bc2 f5 47.Nc6 Bd2 48.a4 Kb6 49.Ne7 Bb7 50.Ng8 Bxf4
51.Nf6 h6 52.Ke2 Kc7 53.Nh5 Bd6 54.f3 Kd7 55.Nf6+ Kd8 56.Bd3 Be7 57.Ng8 Bxh4
58.Nxh6 Ke8 59.f4 Bf6  0-1